|
|
|
|
| LEADER |
01284nam a2200349 a 4500 |
| 001 |
EBC1123405 |
| 003 |
MiAaPQ |
| 005 |
20200520144314.0 |
| 006 |
m o d | |
| 007 |
cr cn||||||||| |
| 008 |
130207s2012 enkad sb 000 0 eng d |
| 020 |
|
|
|z 9781781904053
|
| 020 |
|
|
|a 9781781904060 (electronic bk.)
|
| 035 |
|
|
|a (MiAaPQ)EBC1123405
|
| 035 |
|
|
|a (Au-PeEL)EBL1123405
|
| 035 |
|
|
|a (CaPaEBR)ebr10651490
|
| 035 |
|
|
|a (CaONFJC)MIL430375
|
| 035 |
|
|
|a (OCoLC)828743454
|
| 040 |
|
|
|a MiAaPQ
|c MiAaPQ
|d MiAaPQ
|
| 043 |
|
|
|a a-cc---
|
| 050 |
|
4 |
|a TS177
|b .F33 2012
|
| 245 |
0 |
0 |
|a Facilities management development in China
|h [electronic resource] /
|c guest editor, Xiaoling Zhang.
|
| 260 |
|
|
|a [Bradford] :
|b Emerald Insight,
|c 2012.
|
| 300 |
|
|
|a p. [554]-695 :
|b ill.
|
| 490 |
0 |
|
|a Facilities,
|x 0263-2772 ;
|v v. 30, no. 13/14
|
| 504 |
|
|
|a Includes bibliographical references.
|
| 533 |
|
|
|a Electronic reproduction. Ann Arbor, MI : ProQuest, 2015. Available via World Wide Web. Access may be limited to ProQuest affiliated libraries.
|
| 650 |
|
0 |
|a Facility management
|z China.
|
| 655 |
|
4 |
|a Electronic books.
|
| 700 |
1 |
|
|a Zhang, Xiaoling.
|
| 710 |
2 |
|
|a ProQuest (Firm)
|
| 856 |
4 |
0 |
|u https://ebookcentral.proquest.com/lib/matrademy/detail.action?docID=1123405
|z Click to View
|